Score 0/10 Timer 01:00
4 Plays Today
% Correct
Santa
99.6%
Claus
98.9%
to
98.3%
Merry
95.2%
Little
92.3%
A
91.5%
Is
91.3%
Christmas
90.7%
Town
87.9%
Have
79.5%

Today's Daily Dose

Remove Ads.
Support Sporcle.
Get the best of Sporcle when you Go Orange. This ad-free experience offers more features, more stats, and more fun while also helping to support Sporcle. Thank you for becoming a member.

You're not logged in!

Compare scores with friends on all Sporcle quizzes.
OR
Log In

Show Comments

Extras

Top Quizzes Today


Score Distribution

Your Account Isn't Verified!

In order to create a playlist on Sporcle, you need to verify the email address you used during registration. Go to your Sporcle Settings to finish the process.

Report this User

Report this user for behavior that violates our Community Guidelines.

Details: